000 01091nam a2200289 a 4500
001 BRCA_4519
005 20190320204712.0
008 210910s1946----mx-a######---#000-0#spa-#
041 _aspa
044 _amx
050 4 _aF1219.3
_b.T67 1946
100 1 _aToscano, Salvador
_911443
245 1 0 _aArte precolombino del occidente de México
_cestudios de Salvador Toscano, Paul Kirchhoff y Daniel F. Rubin de la Borbolla ; prólogo de Carlos Pellicer.
260 _aMéxico
_bSEP
_c1946
300 _a69 p.
_bil. (algunas a color), 150 láminas
_c22 cm.
500 _aEstado físico: encuadernación desprendida y deteriorada
500 _aMonografía que la Dirección General de Educación Estética publica con motivo de su exposición
500 _aD1
650 1 4 _aArte precolombino
_zMéxico
_99926
651 4 _aMéxico
_xAntigüedades
_92765
700 1 _aKirchhoff, Paul
_99833
700 1 _aRubín de la Borbolla, Daniel
_94623
700 1 _aPellicer, Carlos
_epról.
_97681
710 2 _aDirección General de Educación Estética
_911444
902 _aGFM
942 _2lcc
_cB
999 _c4225
_d4225